[Event "Small Paris-ch"]
[Site "Paris"]
[Date "2014.??.??"]
[Round "4"]
[White "Koch, Alain1"]
[Black "Ebalard, Marc"]
[Result "0-1"]
[WhiteElo "1940"]
[BlackElo "2150"]
[PlyCount "76"]
[EventDate "2014.07.??"]
[EventType "swiss"]
[EventRounds "7"]
[EventCountry "FRA"]
[SourceTitle "EXT 2015"]
[Source "ChessBase"]
[SourceDate "2014.11.20"]
[SourceVersion "1"]
[SourceVersionDate "2014.11.20"]
[SourceQuality "1"]

1. e4 g5 2. d4 h6 3. h4 gxh4 4. Rxh4 e5 5. g3 Nc6 6. d5 Nce7 7. Be3 Ng6 8. Rh2 Nf6 9. f3 c5 10. Qd2 h5 11. Bg5 Bg7 12. d6 b5 13. Bxb5 Qb6 14. c4 Bb7 15. Nc3 a6 16. Ba4 Nf8 17. Bd1 Ne6 18. Bxf6 Bxf6 19. Nd5 Bxd5 20. Qxd5 Rc8 21. Qd2 Rc6 22. Ne2 Rxd6 23. Qc3 Nd4 24. Kf2 h4 25. g4 Bg5 26. b3 Rhh6 27. Rh3 Rhe6 28. Rb1 a5 29. Ng1 Nc6 30. Be2 Bd2 31. Qb2 Qd8 32. a3 Qg5 33. Kg2 Be3 34. Rd1 Rxd1 35. Bxd1 Rd6 36. Qb1 Bxg1 37. Kxg1 Qe3+ 38. Kf1 Rd2 0-1

[Event "FRA-chT"]
[Site "France"]
[Date "1996.??.??"]
[Round "?"]
[White "Buchy, Daniel"]
[Black "Ebalard, Marc"]
[Result "0-1"]
[WhiteElo "2260"]
[BlackElo "2250"]
[PlyCount "56"]
[EventDate "1996.??.??"]
[EventType "team-tourn"]
[EventRounds "11"]
[EventCountry "FRA"]
[SourceTitle "CBM 055 Extra"]
[Source "ChessBase"]
[SourceDate "1997.01.01"]
[SourceVersion "1"]
[SourceVersionDate "1997.01.01"]
[SourceQuality "1"]

1. f4 d6 2. Nf3 g6 3. e4 Bg7 4. d4 c6 5. c3 Nd7 6. Bd3 e5 7. dxe5 dxe5 8. Bc4 Qe7 9. Qe2 Ngf6 10. 0-0 0-0 11. f5 b5 12. Bb3 Nc5 13. fxg6 hxg6 14. Bc2 a5 15. Bg5 Ne6 16. Nbd2 Nxg5 17. Nxg5 Bh6 18. Ndf3 Ng4 19. h4 f6 20. Nh3 Ne3 21. Rfe1 Bxh3 22. gxh3 Kh7 23. Qf2 Qa7 24. Bb3 Bf4 25. Kh1 a4 26. Bc2 Rfd8 27. Rg1 Qd7 28. Rg4 Nxg4 0-1

[Event "FRA-chT"]
[Site "France"]
[Date "1995.??.??"]
[Round "?"]
[White "Moingt, Jean Claude"]
[Black "Ebalard, Marc"]
[Result "1-0"]
[WhiteElo "2225"]
[BlackElo "2250"]
[PlyCount "59"]
[EventDate "1995.??.??"]
[EventType "team-tourn"]
[EventRounds "5"]
[EventCountry "FRA"]
[SourceTitle "EXT 2005"]
[Source "ChessBase"]
[SourceDate "2004.11.15"]
[SourceVersion "1"]
[SourceVersionDate "2004.11.15"]
[SourceQuality "1"]

1. b3 g6 2. Bb2 Nf6 3. Nf3 Bg7 4. g3 Na6 5. Bg2 c6 6. 0-0 0-0 7. d3 d5 8. Nbd2 Qa5 9. a3 Nc7 10. b4 Qa6 11. c4 dxc4 12. dxc4 Be6 13. Qc2 Rad8 14. a4 Nd7 15. Nd4 Bxd4 16. Bxd4 c5 17. b5 Qd6 18. Bc3 Nf6 19. Bxb7 Bh3 20. Rfd1 Qb6 21. Bc6 Ne6 22. a5 Qc7 23. Nf3 Bg4 24. Qb2 Bxf3 25. Bxf3 Rxd1+ 26. Rxd1 h5 27. b6 axb6 28. axb6 Qc8 29. b7 Qe8 30. Be5 1-0

[Event "FRA-chT"]
[Site "France"]
[Date "1994.??.??"]
[Round "5"]
[White "Brionne, Thierry"]
[Black "Ebalard, Marc"]
[Result "0-1"]
[WhiteElo "2110"]
[BlackElo "2270"]
[PlyCount "74"]
[EventDate "1994.??.??"]
[EventType "team-tourn"]
[EventRounds "11"]
[EventCountry "FRA"]
[SourceTitle "EXT 1999"]
[Source "ChessBase"]
[SourceDate "1998.11.16"]
[SourceVersion "1"]
[SourceVersionDate "1998.11.16"]
[SourceQuality "1"]

1. d4 g6 2. c4 Bg7 3. Nc3 d6 4. e4 c6 5. Be3 Nf6 6. f3 a6 7. a4 a5 8. Nge2 Na6 9. Qd2 Nb4 10. Rd1 0-0 11. g4 d5 12. g5 Ne8 13. cxd5 cxd5 14. h4 dxe4 15. Nxe4 Nd6 16. N2g3 Nxe4 17. Nxe4 Bf5 18. b3 Be6 19. Bc4 Bxc4 20. bxc4 Rc8 21. c5 Qd5 22. h5 Rfd8 23. hxg6 hxg6 24. Kf2 Qb3 25. Rh4 Nd5 26. Ke2 Qxa4 27. Bf2 Nb4 28. Nc3 Qb3 29. Kf1 Rxc5 30. dxc5 Rxd2 31. Rxd2 f5 32. Nb5 Nc6 33. Nc7 a4 34. Ne8 Bc3 35. Rd7 a3 36. Nf6+ Kf7 37. Rh7+ Ke6 0-1

[Event "FRA-chT2 9495"]
[Site "France"]
[Date "1994.??.??"]
[Round "?"]
[White "Ebalard, Marc"]
[Black "Flear, Glenn C"]
[Result "1/2-1/2"]
[WhiteElo "2250"]
[BlackElo "2480"]
[PlyCount "54"]
[EventDate "1994.??.??"]
[EventType "team-tourn"]
[EventRounds "11"]
[EventCountry "FRA"]
[SourceTitle "EXT 2008"]
[Source "ChessBase"]
[SourceDate "2007.11.25"]
[SourceVersion "1"]
[SourceVersionDate "2007.11.25"]
[SourceQuality "1"]

1. c4 e6 2. Nf3 Nf6 3. g3 d5 4. Bg2 dxc4 5. Qa4+ Bd7 6. Qxc4 Bc6 7. Nc3 Nbd7 8. 0-0 Nb6 9. Qb3 Be7 10. d4 0-0 11. Bf4 a5 12. Rad1 h6 13. Qc2 Nfd5 14. Ne5 Be8 15. Bc1 Nxc3 16. Qxc3 Nd5 17. Qf3 Ra6 18. e4 Nb4 19. d5 exd5 20. a3 Bd6 21. axb4 Bxe5 22. Rxd5 Qe7 23. Rxa5 Rxa5 24. bxa5 Qb4 25. Qa3 Qxa3 26. bxa3 Bc3 27. e5 Bc6 1/2-1/2

[Event "FRA-chT2 9495"]
[Site "France"]
[Date "1994.??.??"]
[Round "?"]
[White "Gouret, Thierry"]
[Black "Ebalard, Marc"]
[Result "0-1"]
[WhiteElo "2320"]
[BlackElo "2200"]
[PlyCount "92"]
[EventDate "1994.??.??"]
[EventType "team-tourn"]
[EventRounds "11"]
[EventCountry "FRA"]
[SourceTitle "EXT 2008"]
[Source "ChessBase"]
[SourceDate "2007.11.25"]
[SourceVersion "1"]
[SourceVersionDate "2007.11.25"]
[SourceQuality "1"]

1. Nf3 Nf6 2. c4 g6 3. d4 Bg7 4. Nc3 d5 5. e3 0-0 6. Be2 c5 7. 0-0 cxd4 8. Nxd4 dxc4 9. Bxc4 a6 10. a4 Qc7 11. Qe2 Rd8 12. h3 Nc6 13. Nxc6 Qxc6 14. e4 Be6 15. Bxe6 Qxe6 16. Bg5 h6 17. Bf4 Rac8 18. Rfd1 Qb3 19. Be5 Kh7 20. Rd4 Rxd4 21. Bxd4 Qc4 22. Qxc4 Rxc4 23. Bxf6 Bxf6 24. f3 Bxc3 25. bxc3 Rxc3 26. Rb1 Rc7 27. Kf2 e6 28. g4 Kg7 29. e5 g5 30. Kg3 Kg6 31. h4 gxh4+ 32. Kxh4 Rc4 33. Rxb7 h5 34. Kg3 hxg4 35. fxg4 Rxa4 36. Ra7 Ra1 37. Kf4 a5 38. Kf3 a4 39. Kg3 a3 40. Kg2 a2 41. Kh2 Kg5 42. Ra4 f6 43. exf6 Kxf6 44. Ra3 e5 45. g5+ Kg6 46. Kg2 e4 0-1

[Event "FRA"]
[Site "France"]
[Date "1993.??.??"]
[Round "?"]
[White "Ebalard, Marc"]
[Black "Prie, Eric"]
[Result "0-1"]
[WhiteElo "2260"]
[BlackElo "2470"]
[PlyCount "72"]
[EventDate "1993.??.??"]
[EventType "team-tourn"]
[EventRounds "11"]
[EventCountry "FRA"]
[SourceTitle "TD"]
[Source "ChessBase"]
[SourceDate "1994.03.01"]
[SourceVersion "1"]
[SourceVersionDate "1994.03.01"]
[SourceQuality "1"]

1. c4 g6 2. g3 Bg7 3. Bg2 e5 4. Nc3 d6 5. Nf3 Nc6 6. 0-0 f5 7. d3 Nf6 8. Bg5 h6 9. Bxf6 Qxf6 10. Ne1 0-0 11. Nc2 Nd4 12. b4 c6 13. Rb1 e4 14. Nxd4 Qxd4 15. Rc1 Be6 16. b5 Rac8 17. bxc6 bxc6 18. dxe4 Bxc4 19. exf5 gxf5 20. Qa4 d5 21. Rfd1 Qb6 22. e3 a5 23. Bf1 Bxf1 24. Kxf1 f4 25. gxf4 d4 26. Qc4+ Kh8 27. Na4 Qa7 28. Nc5 dxe3 29. fxe3 Qe7 30. Qe4 Qh4 31. Rd7 Rce8 32. Qg2 Rg8 33. Rd3 Bd4 34. Qe2 Qh3+ 35. Ke1 Rg1+ 36. Qf1 Qxh2 0-1

[Event "FRA"]
[Site "France"]
[Date "1993.??.??"]
[Round "?"]
[White "Letreguilly, Olivier"]
[Black "Ebalard, Marc"]
[Result "0-1"]
[WhiteElo "2345"]
[BlackElo "2260"]
[PlyCount "76"]
[EventDate "1993.??.??"]
[EventType "team-tourn"]
[EventRounds "11"]
[EventCountry "FRA"]
[SourceTitle "TD"]
[Source "ChessBase"]
[SourceDate "1994.03.01"]
[SourceVersion "1"]
[SourceVersionDate "1994.03.01"]
[SourceQuality "1"]

1. Nf3 g6 2. e4 Bg7 3. d4 d6 4. h3 Nf6 5. Nc3 0-0 6. Be3 c6 7. a4 b6 8. Nd2 Nbd7 9. Be2 a6 10. 0-0 Bb7 11. f4 b5 12. e5 Ne8 13. Nce4 Nb6 14. axb5 cxb5 15. Kh2 Nc7 16. Bf2 Ncd5 17. g3 f6 18. exd6 exd6 19. Bf3 Qd7 20. Bg2 Kh8 21. c3 h6 22. Bg1 f5 23. c4 Nxc4 24. Nxc4 bxc4 25. Nd2 Rfc8 26. Qb1 Nb4 27. Nf3 Be4 28. Qd1 Kh7 29. Rf2 Nd5 30. Rd2 Qb5 31. Ra3 a5 32. Qa1 a4 33. Ne1 Bxg2 34. Nxg2 Nf6 35. Re2 Ne4 36. g4 c3 37. Re1 cxb2 38. Qb1 Nd2 0-1

[Event "FRA-chT"]
[Site "France"]
[Date "1992.??.??"]
[Round "?"]
[White "Sokolov, Andrei"]
[Black "Ebalard, Marc"]
[Result "1/2-1/2"]
[WhiteElo "2565"]
[BlackElo "2255"]
[PlyCount "80"]
[EventDate "1992.??.??"]
[EventType "team-tourn"]
[EventRounds "8"]
[EventCountry "FRA"]
[SourceTitle "EXT 1997"]
[Source "ChessBase"]
[SourceDate "1996.11.15"]
[SourceVersion "1"]
[SourceVersionDate "1996.11.15"]
[SourceQuality "1"]

1. e4 g6 2. d4 Bg7 3. Nc3 d6 4. Be3 c6 5. Qd2 b5 6. f3 Bb7 7. Nh3 Nd7 8. Nf2 a6 9. a4 b4 10. Ncd1 a5 11. c3 bxc3 12. bxc3 Qc7 13. Bd3 d5 14. 0-0 f6 15. Re1 e5 16. exd5 cxd5 17. Bb5 Ne7 18. dxe5 fxe5 19. Bg5 Nf5 20. Ne3 Nxe3 21. Rxe3 0-0 22. Ng4 Nc5 23. Rae1 e4 24. Bh6 Rad8 25. Bxg7 Qxg7 26. Qd4 Rc8 27. Rd1 Kh8 28. Nf2 Ba8 29. fxe4 Nxe4 30. Nxe4 dxe4 31. Qxg7+ Kxg7 32. c4 Kf6 33. Rc3 Rfd8 34. Rxd8 Rxd8 35. c5 Ke5 36. c6 Rc8 37. Kf2 Kd6 38. Rc4 Bxc6 39. Bxc6 Rxc6 40. Rxe4 Rb6 1/2-1/2

[Event "FRA-chT"]
[Site "France"]
[Date "1991.??.??"]
[Round "?"]
[White "Pinter, Jozsef"]
[Black "Ebalard, Marc"]
[Result "1-0"]
[WhiteElo "2565"]
[BlackElo "2245"]
[PlyCount "57"]
[EventDate "1991.??.??"]
[EventType "team-tourn"]
[EventRounds "12"]
[EventCountry "FRA"]
[SourceTitle "TD"]
[Source "ChessBase"]
[SourceDate "1994.03.01"]
[SourceVersion "1"]
[SourceVersionDate "1994.03.01"]
[SourceQuality "1"]

1. d4 g6 2. c4 Bg7 3. Nc3 d6 4. e4 c6 5. Be2 Qb6 6. Nf3 Bg4 7. d5 Bxf3 8. Bxf3 Qb4 9. Qb3 a5 10. 0-0 Nf6 11. Be2 0-0 12. Qc2 a4 13. Bd2 Qa5 14. Rae1 Nfd7 15. Kh1 Nc5 16. f4 Nbd7 17. Bf3 Rfc8 18. Bg4 cxd5 19. exd5 Qd8 20. Bh3 Rcb8 21. Re2 Nb6 22. Nb5 Nc8 23. f5 Na7 24. fxg6 hxg6 25. Ref2 f5 26. Bxf5 gxf5 27. Qxf5 Qf8 28. Qg6 Nxb5 29. cxb5 1-0

[Event "FRA-chT"]
[Site "France"]
[Date "1990.??.??"]
[Round "?"]
[White "Mercier, Jean Pierre"]
[Black "Ebalard, Marc"]
[Result "0-1"]
[WhiteElo "2215"]
[BlackElo "2235"]
[PlyCount "68"]
[EventDate "1990.??.??"]
[EventType "team-tourn"]
[EventRounds "11"]
[EventCountry "FRA"]
[SourceTitle "EXT 2000"]
[Source "ChessBase"]
[SourceDate "1999.11.16"]
[SourceVersion "1"]
[SourceVersionDate "1999.11.16"]
[SourceQuality "1"]

1. e4 g6 2. d4 Bg7 3. c4 d6 4. Nc3 c6 5. Nge2 Qb6 6. Rb1 f5 7. Be3 Nf6 8. d5 Qb4 9. a3 Qa5 10. b4 Qc7 11. exf5 Bxf5 12. Rc1 a5 13. Nd4 Bd7 14. Be2 axb4 15. axb4 Na6 16. dxc6 bxc6 17. b5 cxb5 18. cxb5 Nc5 19. Nb3 Be6 20. Nxc5 dxc5 21. Bf3 Rd8 22. Bc6+ Kf7 23. Qf3 Rhf8 24. Qg3 Qa5 25. Bxc5 Nd5 26. Bxd5 Rxd5 27. Qf4+ Kg8 28. Qb4 Bxc3+ 29. Qxc3 Re5+ 30. Be3 Qxb5 31. Qa3 Rd8 32. Rc5 Rxc5 33. Qxc5 Qd3 34. f3 Rc8 0-1

[Event "Metz op 04th "]
[Site "Metz"]
[Date "1986.04.??"]
[Round "?"]
[White "Ebalard, Marc"]
[Black "Westerinen, Heikki MJ"]
[Result "1-0"]
[WhiteElo "2205"]
[BlackElo "2420"]
[PlyCount "33"]
[EventDate "1986.04.??"]
[EventType "swiss"]
[EventRounds "9"]
[EventCountry "FRA"]
[SourceTitle "EXT 2014"]
[Source "ChessBase"]
[SourceDate "2013.11.20"]
[SourceVersion "1"]
[SourceVersionDate "2013.11.20"]
[SourceQuality "1"]

1. c4 f5 2. g3 Nf6 3. Bg2 e5 4. Nc3 Bb4 5. Nd5 Nxd5 6. cxd5 0-0 7. Qb3 Na6 8. d6+ Kh8 9. dxc7 Qxc7 10. Nf3 Ba5 11. 0-0 Nc5 12. Qa3 Ne6 13. d4 e4 14. d5 exf3 15. dxe6 Rg8 16. Bxf3 dxe6 17. Bf4 1-0